[Event "Bodensee op"]
[Site "Bregenz"]
[Date "2023.05.20"]
[Round "8"]
[White "Cafasso, Elia"]
[Black "Schroeder, Volker"]
[Result "1/2-1/2"]
[WhiteElo "2151"]
[BlackElo "2050"]
[PlyCount "100"]
[EventDate "2023.05.13"]
[EventType "swiss"]
[EventRounds "9"]
[EventCountry "AUT"]
[SourceTitle "CBM 215 Extra"]
[Source "ChessBase"]
[SourceDate "2023.09.30"]
[SourceVersion "1"]
[SourceVersionDate "2023.09.30"]
[SourceQuality "1"]

1. e4 c5 2. Nf3 Nc6 3. Nc3 e5 4. Bc4 Be7 5. d3 h6 6. a4 Nf6 7. 0-0 0-0 8. Nd5 d6 9. c3 Be6 10. h3 b6 11. Be3 Na5 12. Ba2 Nxd5 13. exd5 Bf5 14. Re1 Rc8 15. Qe2 Re8 16. Rac1 Qd7 17. b4 Nb7 18. Bc4 Qc7 19. Nd2 Bd7 20. b5 Na5 21. Ba2 Bf5 22. g4 Bg6 23. Kh2 Qd7 24. Rg1 Kh7 25. c4 Rh8 26. Rcf1 Rce8 27. Nf3 Bf6 28. h4 e4 29. dxe4 Bxe4 30. Nd2 Kg8 31. Nxe4 Rxe4 32. f3 Re8 33. Qf2 Bxh4 34. Qxh4 Rxe3 35. Re1 Qe8 36. Qf2 Rxe1 37. Rxe1 Qd8 38. Re4 g6 39. Qe3 Qf6 40. Re8+ Kg7 41. Rxh8 Kxh8 42. Qxh6+ Kg8 43. Kg3 Qb2 44. Qh2 Qxh2+ 45. Kxh2 g5 46. Kg3 Kg7 47. f4 Kf6 48. Kf3 Nb7 49. Bb1 Na5 50. Ba2 Nb7 1/2-1/2

[Event "Bad Woerishofen op 34th"]
[Site "Bad Woerishofen"]
[Date "2018.02.24"]
[Round "2"]
[White "Lalic, Bogdan"]
[Black "Schroeder, Volker"]
[Result "1-0"]
[WhiteElo "2397"]
[BlackElo "2107"]
[PlyCount "49"]
[EventDate "2018.02.23"]
[EventType "swiss"]
[EventRounds "9"]
[EventCountry "GER"]
[SourceTitle "CBM 183 Extra"]
[Source "ChessBase"]
[SourceDate "2018.04.19"]
[SourceVersion "1"]
[SourceVersionDate "2018.04.19"]
[SourceQuality "1"]

1. d4 d5 2. c4 c6 3. Nc3 Nf6 4. e3 a6 5. Nf3 Bf5 6. cxd5 cxd5 7. Ne5 e6 8. g4 Bg6 9. h4 h5 10. g5 Ng8 11. Nxg6 fxg6 12. Bd3 Ne7 13. Qb3 Qd7 14. Na4 Ra7 15. Nc5 Qc6 16. Bd2 Nf5 17. Rc1 Bxc5 18. Rxc5 Qd7 19. Qb6 Nc6 20. Rxc6 bxc6 21. Qb8+ Kf7 22. Qxh8 Qb7 23. Qd8 Qxb2 24. Ke2 Qxa2 25. Rb1 1-0

[Event "Verbandsliga Nord Baden 1314"]
[Site "Germany"]
[Date "2014.03.23"]
[Round "8.2"]
[White "Schroeder, Volker"]
[Black "Scherer, Ralf"]
[Result "0-1"]
[WhiteElo "2107"]
[BlackElo "2201"]
[PlyCount "84"]
[EventDate "2013.10.20"]
[EventType "team-tourn"]
[EventRounds "9"]
[EventCountry "GER"]
[SourceTitle "EXT 2015"]
[Source "ChessBase"]
[SourceDate "2014.11.20"]
[SourceVersion "1"]
[SourceVersionDate "2014.11.20"]
[SourceQuality "1"]
[WhiteTeam "Weinheim"]
[BlackTeam "Ladenburg"]
[WhiteTeamCountry "GER"]
[BlackTeamCountry "GER"]

1. c4 g6 2. g3 Bg7 3. Bg2 e5 4. Nc3 Ne7 5. e4 0-0 6. Nge2 d6 7. 0-0 Be6 8. d3 c6 9. b3 c5 10. Rb1 Nbc6 11. a3 Qd7 12. b4 Nd4 13. Nxd4 exd4 14. Nd5 cxb4 15. axb4 Nxd5 16. exd5 Bf5 17. Bf4 Rfe8 18. Qd2 Rac8 19. b5 h6 20. h4 f6 21. Qc2 g5 22. hxg5 fxg5 23. Bc1 Qf7 24. Ba3 Qg6 25. Rfd1 Re7 26. Bb4 h5 27. Qb3 b6 28. Qa3 Be5 29. Rd2 h4 30. Re1 hxg3 31. fxg3 Rce8 32. Rde2 Bxd3 33. Be4 Bxe4 34. Rxe4 Qh6 35. Qf3 Rh7 36. Qg2 d3 37. Bd2 Qf6 38. Be3 Rf8 39. Rg4 Rh5 40. Rd1 Rf7 41. Rf1 d2 42. Rd1 Rfh7 0-1

[Event "Verbandsliga Nord Baden 1213"]
[Site "Baden"]
[Date "2012.12.16"]
[Round "3.2"]
[White "Schroeder, Volker"]
[Black "Raupp, Thomas"]
[Result "1/2-1/2"]
[WhiteElo "2107"]
[BlackElo "2325"]
[PlyCount "101"]
[EventDate "2012.10.21"]
[EventType "team-tourn"]
[EventRounds "9"]
[EventCountry "GER"]
[SourceTitle "EXT 2014"]
[Source "ChessBase"]
[SourceDate "2013.11.20"]
[SourceVersion "1"]
[SourceVersionDate "2013.11.20"]
[SourceQuality "1"]
[WhiteTeam "Weinheim"]
[BlackTeam "Eppingen II"]
[WhiteTeamCountry "GER"]
[BlackTeamCountry "GER"]

1. Nf3 c5 2. g3 g6 3. Bg2 Bg7 4. c4 Nc6 5. Nc3 e5 6. 0-0 Nge7 7. a3 a5 8. Ne1 d6 9. Nc2 0-0 10. d3 Be6 11. Ne3 Rb8 12. Ned5 Kh8 13. Rb1 f5 14. Bg5 h6 15. Bxe7 Nxe7 16. b4 axb4 17. axb4 Nxd5 18. Bxd5 Bxd5 19. Nxd5 b5 20. bxc5 dxc5 21. e4 bxc4 22. dxc4 Qd7 23. Qe2 fxe4 24. Rxb8 Rxb8 25. Qxe4 Qf5 26. Qxf5 gxf5 27. Ne7 f4 28. gxf4 exf4 29. Ng6+ Kh7 30. Nxf4 Re8 31. Rc1 Bd4 32. Rc2 Re4 33. Nd5 Kg6 34. Kg2 Kf5 35. h3 Re1 36. Kf3 Rh1 37. Kg2 Re1 38. Nc3 Ra1 39. Ne2 Be5 40. Ng3+ Kf4 41. Re2 Bd4 42. Re4+ Kg5 43. f4+ Kf6 44. Ne2 Kf5 45. Ng3+ Kf6 46. Kf3 Rc1 47. Kg4 Rxc4 48. f5 Kf7 49. Ne2 Rb4 50. Nxd4 Rxd4 51. Rxd4 1/2-1/2

[Event "Verbandsliga Nord Baden 1213"]
[Site "Baden"]
[Date "2012.10.21"]
[Round "1.3"]
[White "Kolb, Hans Martin"]
[Black "Schroeder, Volker"]
[Result "1-0"]
[WhiteElo "2218"]
[BlackElo "2107"]
[PlyCount "85"]
[EventDate "2012.10.21"]
[EventType "team-tourn"]
[EventRounds "9"]
[EventCountry "GER"]
[SourceTitle "EXT 2014"]
[Source "ChessBase"]
[SourceDate "2013.11.20"]
[SourceVersion "1"]
[SourceVersionDate "2013.11.20"]
[SourceQuality "1"]
[WhiteTeam "Lindenhof"]
[BlackTeam "Weinheim"]
[WhiteTeamCountry "GER"]
[BlackTeamCountry "GER"]

1. d4 d5 2. Bg5 h6 3. Bh4 c6 4. c3 Bf5 5. Qb3 Qb6 6. Nd2 Nd7 7. Ngf3 e6 8. e3 Bd6 9. Bg3 Bxg3 10. hxg3 Ngf6 11. c4 0-0 12. Be2 Rfe8 13. 0-0 Rad8 14. Rfc1 Ne4 15. Nxe4 dxe4 16. Nd2 c5 17. Qc3 Qc7 18. b4 b6 19. Nb3 e5 20. dxc5 bxc5 21. b5 Be6 22. Na5 Nb8 23. a4 f5 24. Rd1 f4 25. gxf4 exf4 26. exf4 Qxf4 27. Nb7 Rf8 28. Qe3 Qxe3 29. fxe3 Rc8 30. Nd6 Rc7 31. Nxe4 Nd7 32. Rd6 Re8 33. Nc3 Nb6 34. a5 Nc8 35. Rd2 Ne7 36. Nd5 Bxd5 37. cxd5 Nf5 38. d6 Rd7 39. b6 Red8 40. Bc4+ Kh8 41. Be6 Rxd6 42. Rxd6 Nxd6 43. a6 1-0

[Event "Baden-ch"]
[Site "Oberwinden"]
[Date "2007.04.13"]
[Round "10"]
[White "Schroeder, Wilfried"]
[Black "Schroeder, Volker"]
[Result "1/2-1/2"]
[WhiteElo "2215"]
[BlackElo "2186"]
[PlyCount "21"]
[EventDate "2007.04.06"]
[EventType "swiss"]
[EventRounds "11"]
[EventCountry "GER"]
[SourceTitle "CBM 117 Extra"]
[Source "ChessBase"]
[SourceDate "2007.05.09"]
[SourceVersion "1"]
[SourceVersionDate "2007.05.09"]
[SourceQuality "1"]

1. d4 d5 2. Nf3 Nf6 3. c4 c6 4. Qc2 dxc4 5. Qxc4 Bf5 6. g3 e6 7. Bg2 Nbd7 8. 0-0 Be7 9. Nc3 0-0 10. e3 Ne4 11. Nd2 1/2-1/2

[Event "Baden-ch"]
[Site "Oberwinden"]
[Date "2007.04.09"]
[Round "5"]
[White "Schroeder, Volker"]
[Black "Klee, Helmut"]
[Result "1/2-1/2"]
[WhiteElo "2186"]
[BlackElo "2221"]
[PlyCount "29"]
[EventDate "2007.04.06"]
[EventType "swiss"]
[EventRounds "11"]
[EventCountry "GER"]
[SourceTitle "CBM 117 Extra"]
[Source "ChessBase"]
[SourceDate "2007.05.09"]
[SourceVersion "1"]
[SourceVersionDate "2007.05.09"]
[SourceQuality "1"]

1. c4 Nf6 2. g3 g6 3. Bg2 Bg7 4. Nc3 0-0 5. Nf3 c5 6. d4 d6 7. 0-0 Nc6 8. dxc5 dxc5 9. Bf4 Be6 10. Ne5 Na5 11. Qa4 Nd7 12. Nxd7 Bxd7 13. Qc2 Bf5 14. Qa4 Bd7 15. Qc2 1/2-1/2

[Event "Baden-ch"]
[Site "Oberwinden"]
[Date "2007.04.08"]
[Round "4"]
[White "Schneider, Bernd2222"]
[Black "Schroeder, Volker"]
[Result "1-0"]
[WhiteElo "2288"]
[BlackElo "2186"]
[PlyCount "69"]
[EventDate "2007.04.06"]
[EventType "swiss"]
[EventRounds "11"]
[EventCountry "GER"]
[SourceTitle "CBM 117 Extra"]
[Source "ChessBase"]
[SourceDate "2007.05.09"]
[SourceVersion "1"]
[SourceVersionDate "2007.05.09"]
[SourceQuality "1"]

1. e4 c5 2. Nf3 Nc6 3. d4 cxd4 4. Nxd4 g6 5. c4 Bg7 6. Nc2 Nf6 7. Nc3 d6 8. Be2 0-0 9. 0-0 Nd7 10. Nd5 Nc5 11. f3 a5 12. Kh1 f5 13. exf5 Bxf5 14. Nce3 Nd4 15. Nxf5 Rxf5 16. Be3 e6 17. Bxd4 exd5 18. Bxg7 Kxg7 19. cxd5 Qf6 20. Qd2 Qg5 21. Rad1 Qxd2 22. Rxd2 Re8 23. Bb5 Re3 24. Kg1 g5 25. Rfd1 h6 26. Rd4 Re7 27. h4 Kf6 28. hxg5+ hxg5 29. a3 Nb3 30. R4d3 Nc5 31. Rc3 Rf4 32. Rxc5 dxc5 33. d6 Rd4 34. Rxd4 Re1+ 35. Kf2 1-0

[Event "Baden VLN 0203"]
[Site "Baden"]
[Date "2003.05.04"]
[Round "9.1"]
[White "Schroeder, Volker"]
[Black "Tresch, Ralf"]
[Result "1/2-1/2"]
[WhiteElo "2166"]
[BlackElo "2287"]
[PlyCount "107"]
[EventDate "2002.10.13"]
[EventType "team-tourn"]
[EventRounds "9"]
[EventCountry "GER"]
[SourceTitle "EXT 2022"]
[Source "ChessBase"]
[SourceDate "2021.10.06"]
[SourceVersion "1"]
[SourceVersionDate "2021.10.06"]
[SourceQuality "1"]
[WhiteTeam "Weinheim"]
[BlackTeam "Viernheim II"]
[WhiteTeamCountry "GER"]
[BlackTeamCountry "GER"]

1. d4 Nf6 2. Nf3 d5 3. c4 dxc4 4. e3 e6 5. Bxc4 c5 6. 0-0 Nc6 7. Qe2 a6 8. Bb3 b5 9. Nc3 Bb7 10. Rd1 cxd4 11. exd4 Ne7 12. Ne5 Qb6 13. a4 Ned5 14. axb5 axb5 15. Qxb5+ Qxb5 16. Rxa8+ Bxa8 17. Nxb5 Be7 18. Bg5 0-0 19. Ra1 h6 20. Bd2 Rb8 21. Bc4 Nb6 22. Be2 Ne4 23. Be1 Nd6 24. Nxd6 Bxd6 25. Nc4 Nxc4 26. Bxc4 Be4 27. f3 Bg6 28. Bc3 Bb4 29. Rc1 Bxc3 30. bxc3 Rb2 31. Kf1 Kf8 32. Be2 Ke7 33. Ke1 Kd6 34. c4 Ra2 35. h4 f6 36. g3 Kc6 37. Rc3 e5 38. d5+ Kc5 39. Rb3 Ra1+ 40. Kf2 Rb1 41. Rxb1 Bxb1 42. Ke3 Bc2 43. Bd3 Ba4 44. f4 exf4+ 45. Kxf4 Bd7 46. Bf5 Ba4 47. Bd3 Kd4 48. Be2 Bd7 49. h5 Kc5 50. Bd3 Kd6 51. Bf5 Ba4 52. g4 Kc5 53. Bd3 Bd7 54. Bf5 1/2-1/2

[Event "Baden-ch BM"]
[Site "Karlsruhe"]
[Date "2003.04.26"]
[Round "11.15"]
[White "Schroeder, Volker"]
[Black "Widmann, Volker"]
[Result "0-1"]
[WhiteElo "2166"]
[BlackElo "2284"]
[PlyCount "56"]
[EventDate "2003.04.18"]
[EventType "swiss"]
[EventRounds "11"]
[EventCountry "GER"]
[SourceTitle "EXT 2004"]
[Source "ChessBase"]
[SourceDate "2003.11.25"]
[SourceVersion "1"]
[SourceVersionDate "2003.11.25"]
[SourceQuality "1"]

1. c4 e6 2. g3 d5 3. Nf3 c6 4. b3 Nf6 5. Qc2 Na6 6. a3 c5 7. Bg2 b6 8. 0-0 Bb7 9. cxd5 exd5 10. d4 Be7 11. Bb2 0-0 12. Nbd2 Nc7 13. Rfd1 Ne6 14. Rac1 Rc8 15. Qd3 Ne4 16. dxc5 N4xc5 17. Qf5 Ba6 18. e4 Nd3 19. Bf1 Rxc1 20. Bxc1 d4 21. b4 Qc7 22. e5 Qc2 23. Be2 Rc8 24. Ne1 Qxd1 25. Bxd1 Rxc1 26. Qg4 Nxe1 27. f4 Nc2 28. Kf2 Ne3 0-1

[Event "Baden-ch BM"]
[Site "Karlsruhe"]
[Date "2003.04.25"]
[Round "10.16"]
[White "Sentef, Nikolaus"]
[Black "Schroeder, Volker"]
[Result "0-1"]
[WhiteElo "2190"]
[BlackElo "2166"]
[PlyCount "84"]
[EventDate "2003.04.18"]
[EventType "swiss"]
[EventRounds "11"]
[EventCountry "GER"]
[SourceTitle "EXT 2004"]
[Source "ChessBase"]
[SourceDate "2003.11.25"]
[SourceVersion "1"]
[SourceVersionDate "2003.11.25"]
[SourceQuality "1"]

1. d4 Nf6 2. Nf3 e6 3. e3 b6 4. Bd3 Bb7 5. Nbd2 c5 6. 0-0 Nc6 7. c3 Be7 8. e4 cxd4 9. cxd4 Nb4 10. Bb1 Ba6 11. Re1 Nd3 12. Re3 Nxf2 13. Qa4 N2g4 14. Re1 Bb7 15. e5 Nd5 16. Ne4 Bc6 17. Qb3 f5 18. exf6 Ndxf6 19. Neg5 Bd5 20. Qd3 Qc7 21. h3 Nh6 22. Ne5 Nf5 23. Bf4 Qb7 24. Qd2 Nd6 25. Bd3 Rc8 26. b3 Nde4 27. Nxe4 Bxe4 28. Bxe4 Nxe4 29. Qe2 Nf6 30. Nc4 Qd5 31. Rad1 0-0 32. a4 Bb4 33. Rf1 Ne4 34. Be5 d6 35. Ne3 Qb7 36. Bh2 Nc3 37. Qg4 Nxd1 38. Qxe6+ Kh8 39. Rxd1 Rce8 40. Qd5 Qe7 41. Nf5 Qe6 42. Qxe6 Rxe6 0-1

[Event "Baden VLN 0203"]
[Site "Baden"]
[Date "2003.03.16"]
[Round "7.2"]
[White "Schroeder, Volker"]
[Black "Schmitt, Thomas"]
[Result "1/2-1/2"]
[WhiteElo "2166"]
[BlackElo "2222"]
[PlyCount "41"]
[EventDate "2002.10.13"]
[EventType "team-tourn"]
[EventRounds "9"]
[EventCountry "GER"]
[SourceTitle "EXT 2022"]
[Source "ChessBase"]
[SourceDate "2021.10.06"]
[SourceVersion "1"]
[SourceVersionDate "2021.10.06"]
[SourceQuality "1"]
[WhiteTeam "Weinheim"]
[BlackTeam "Neckargemuend"]
[WhiteTeamCountry "GER"]
[BlackTeamCountry "GER"]

1. d4 Nf6 2. Nf3 g6 3. Nc3 d5 4. Bf4 Bg7 5. e3 0-0 6. Be2 Bg4 7. Ne5 Bxe2 8. Qxe2 c6 9. h4 Nbd7 10. 0-0-0 Qa5 11. h5 Nxe5 12. dxe5 Ne4 13. Nxe4 dxe4 14. hxg6 hxg6 15. Qc4 Bxe5 16. Bxe5 Qxe5 17. Rd4 Qf6 18. Rxe4 b5 19. Qe2 Kg7 20. Reh4 Rh8 21. Rxh8 1/2-1/2

[Event "Verbandsliga Nord Baden"]
[Site "Germany"]
[Date "1999.03.14"]
[Round "8.1"]
[White "Schroeder, Volker"]
[Black "Hanisch, Joerg"]
[Result "1/2-1/2"]
[WhiteElo "2170"]
[BlackElo "2160"]
[PlyCount "75"]
[EventDate "1998.10.11"]
[EventType "team"]
[EventRounds "9"]
[EventCountry "GER"]
[SourceTitle "EXT 2002"]
[Source "ChessBase"]
[SourceDate "2001.11.25"]
[SourceVersion "1"]
[SourceVersionDate "2001.11.25"]
[SourceQuality "1"]
[WhiteTeam "Weinheim"]
[BlackTeam "Durlach"]
[WhiteTeamCountry "GER"]
[BlackTeamCountry "GER"]

1. Nf3 Nf6 2. g3 d5 3. Bg2 c5 4. 0-0 Nc6 5. d4 e6 6. c4 dxc4 7. Qa4 Bd7 8. Qxc4 b5 9. Qd3 Rc8 10. Nc3 cxd4 11. Nxd4 Nxd4 12. Qxd4 Bc5 13. Qd3 Qb6 14. Bg5 b4 15. Bxf6 gxf6 16. Rad1 Rd8 17. Ne4 Be7 18. Nd6+ Bxd6 19. Qxd6 Qxd6 20. Rxd6 Bb5 21. Rxd8+ Kxd8 22. Bf3 Kc7 23. Rd1 Rd8 24. Rxd8 Kxd8 25. Kf1 Kc7 26. Ke1 Bc4 27. a3 bxa3 28. bxa3 Kd6 29. Kd2 Bd5 30. Bxd5 Kxd5 31. Kc3 Kc5 32. g4 Kb5 33. Kb3 Ka5 34. e4 Kb5 35. a4+ Kc5 36. Kc3 e5 37. f3 a6 38. h3 1/2-1/2

[Event "Verbandsliga Nord Baden"]
[Site "Germany"]
[Date "1999.01.24"]
[Round "5.1"]
[White "Lindemann, Stefan"]
[Black "Schroeder, Volker"]
[Result "1/2-1/2"]
[WhiteElo "2325"]
[BlackElo "2170"]
[PlyCount "79"]
[EventDate "1998.10.11"]
[EventType "team"]
[EventRounds "9"]
[EventCountry "GER"]
[SourceTitle "EXT 2002"]
[Source "ChessBase"]
[SourceDate "2001.11.25"]
[SourceVersion "1"]
[SourceVersionDate "2001.11.25"]
[SourceQuality "1"]
[WhiteTeam "Pforzheim"]
[BlackTeam "Weinheim"]
[WhiteTeamCountry "GER"]
[BlackTeamCountry "GER"]

1. d4 Nf6 2. c4 g6 3. g3 c6 4. Bg2 d5 5. cxd5 cxd5 6. Nf3 Bg7 7. Ne5 0-0 8. Nc3 Nc6 9. Nxc6 bxc6 10. 0-0 e6 11. Na4 Nd7 12. b3 c5 13. Bb2 Ba6 14. dxc5 Bxb2 15. Nxb2 Qa5 16. Qd4 Qxc5 17. Qxc5 Nxc5 18. Rfc1 Rac8 19. b4 Nd7 20. e4 dxe4 21. Bxe4 Ne5 22. a4 f5 23. f4 fxe4 24. fxe5 e3 25. b5 Rf2 26. Nd3 Rd2 27. Nf4 Rxc1+ 28. Rxc1 Bb7 29. h4 Ra2 30. Re1 Kf7 31. Rxe3 Rxa4 32. Rc3 Bd5 33. Rc7+ Kg8 34. Kf2 Rb4 35. Nxd5 exd5 36. Rxa7 Rxb5 37. Ke3 Rb4 38. Re7 Re4+ 39. Kf3 h5 40. e6 1/2-1/2

[Event "Baden-ch MTA"]
[Site "Viernheim"]
[Date "1999.??.??"]
[Round "2"]
[White "Schroeder, Volker"]
[Black "Reichstein, Hans Joerg"]
[Result "1/2-1/2"]
[WhiteElo "2170"]
[BlackElo "2235"]
[PlyCount "49"]
[EventDate "1999.04.03"]
[EventType "tourn"]
[EventRounds "11"]
[EventCountry "GER"]
[SourceTitle "EXT 2002"]
[Source "ChessBase"]
[SourceDate "2001.11.25"]
[SourceVersion "1"]
[SourceVersionDate "2001.11.25"]
[SourceQuality "1"]

1. Nf3 c5 2. g3 Nc6 3. c4 g6 4. Bg2 Bg7 5. 0-0 Nf6 6. Nc3 0-0 7. d4 d6 8. dxc5 dxc5 9. Bf4 Bf5 10. Ne5 Nxe5 11. Bxe5 Nd7 12. Bxg7 Kxg7 13. b3 Rb8 14. e4 Be6 15. f4 f6 16. Qe2 a6 17. Rad1 Qa5 18. Nd5 Rfe8 19. Qd2 Qxd2 20. Rxd2 Nf8 21. Nc7 Red8 22. Rfd1 Rxd2 23. Rxd2 Kf7 24. Kf2 Bd7 25. Nd5 1/2-1/2

[Event "Verbandsliga Nord Baden"]
[Site "Germany"]
[Date "1998.10.11"]
[Round "1.1"]
[White "Schroeder, Volker"]
[Black "Bloessl, Walter"]
[Result "1/2-1/2"]
[WhiteElo "2170"]
[BlackElo "2205"]
[PlyCount "141"]
[EventDate "1998.10.11"]
[EventType "team"]
[EventRounds "9"]
[EventCountry "GER"]
[SourceTitle "EXT 2002"]
[Source "ChessBase"]
[SourceDate "2001.11.25"]
[SourceVersion "1"]
[SourceVersionDate "2001.11.25"]
[SourceQuality "1"]
[WhiteTeam "Weinheim"]
[BlackTeam "Ladenburg"]
[WhiteTeamCountry "GER"]
[BlackTeamCountry "GER"]

1. c4 g6 2. Nc3 Bg7 3. d4 Nf6 4. e4 d6 5. Nf3 0-0 6. Be2 e5 7. dxe5 dxe5 8. Qxd8 Rxd8 9. Bg5 c6 10. Nxe5 Re8 11. 0-0-0 Na6 12. Nf3 Nc5 13. Bxf6 Bxf6 14. e5 Bg7 15. b4 Nd7 16. Ne4 Nxe5 17. Nd6 Re7 18. Nxc8 Rxc8 19. Nxe5 Bxe5 20. Bf3 a5 21. bxa5 Ra8 22. Kc2 Rxa5 23. Rd8+ Kg7 24. Kb3 Bc7 25. Rd3 Bb6 26. Rhd1 Bxf2 27. Rd7 Re3+ 28. Kb2 Ra7 29. a4 Re6 30. Rf1 Bh4 31. Rfd1 h5 32. Kb3 Re3+ 33. R1d3 Rxd3+ 34. Rxd3 Kf8 35. Rd7 Bf2 36. a5 Ke8 37. Rc7 Bg1 38. h3 Kf8 39. a6 Rxa6 40. Rxb7 c5 41. Bd5 Rf6 42. Kc2 Bh2 43. Kd3 Bd6 44. Ke2 Be7 45. Rb1 Ra6 46. Rb8+ Kg7 47. Rb7 Kf6 48. Kf3 Ra3+ 49. Kf2 Ra2+ 50. Kf3 Ra1 51. Rb6+ Kg7 52. Rb7 Re1 53. Rb2 Bh4 54. Rb7 Rf1+ 55. Ke2 Rf4 56. Rb3 Rf2+ 57. Ke3 Rf5 58. Ke4 Bf6 59. Rf3 Re5+ 60. Kd3 Re7 61. Rf1 Be5 62. Rb1 f5 63. Rb6 Bd4 64. Rb7 Rxb7 65. Bxb7 Kf6 66. Ke2 g5 67. g3 g4 68. hxg4 fxg4 69. Kf1 Kg5 70. Kg2 Be5 71. Bd5 1/2-1/2